=LDR 00000nam 2200000 4500 =001 INLIS000000000039676 =005 20130612145305 =008 ***********************************Ind** =035 ##$$0010-061300000039676 =041 ##$$a Ind =082 ##$$a 813 =090 ##$$a 813, Mce j.2 =100 ##$$a Heather Mc Elhatton =245 ##$$a Jennifer Johnson Is Sick Of Being Single =260 ##$$a 2011 $b Jakarta =300 ##$$a 325 hlm, 20 cm =650 ##$$a fiksi =850 ##$$a NBPNMAT =990 ##$$a 21400613/BPAP-NTB/20142014 =990 ##$$a 0001/BPAP-NTB/2015